000 00279nam a2200109Ia 4500
008 200302s9999 xx 000 0 und d
100 _aRichard Horden
245 _aMicro Architecture with 680 Illustrations
260 _bThames and Hudson Ltd.
260 _c2008
300 _a347 P.,
999 _c2607
_d2607